00355nam a2200133Ia 4500008004100000020001700041041001200058082001600070100001700086245005900103260003600162300000800198650001500206221030s9999 xx 000 0 und d a789380872070 aEnglish a105.23bMan aU. C. Jindal 0aFundamentals of Engineering Mechanicscby U. C. Jindal bArihant Prakshan Pvt. Ltdc2010 a735 aMechanical